000 00998nam a2200241 i 4500
001 bg
245 0 _aTeoria a praktyka w gospodarce. :
_bIII Ogólnopolska Konferencja Naukowa 29-30 marca 2001 r. Poznań - Puszczykowo zorganizowana przez Studeńskie Koło Naukowe Agrobiznesu pzry Katedrze Agrobiznesu AE w Poznaniu /
_cRed. naukowy Krzysztof Maciejewski ; Akademia Ekonomiczna w Poznaniu
_n75 lat Akademii Ekonomicznej w Poznaniu.
260 _aPoznań :
_bWydaw. AE w Poznaniu,
_c2001.
300 _a162 s. :
_bwykr., tabel. ;
_c24 cm.
504 _aBibliogr. przy ref.
650 9 _aPrzedsiębiorstwo
_xzarządzanie
_zPolska
650 9 _aGospodarka regionalna
_xrozwój
655 _aMateriały konferencyjne
700 1 _aMaciejewski, Krzysztof.
_eRed.
710 _aAkademia Ekonomiczna (Poznań)
020 _a8388760033
040 _cBPK
041 _apl
080 _a332.14:568.1/.5](438)
920 _a83-88760-03-3
942 _cKS
008 s pl f |000 0 pol
999 _c35376
_d35376
856 _uhttp://koha.tu.koszalin.pl/cgi-bin/koha/opac-detail.pl?biblionumber=35376
_yKatalog online BPK